00758 2200193 4500001002100000005001500021035002000036245018900056100002000245250002000265300005400285856002200339700010000361260004600461082000800507084001400515020001600529650001900545INLIS00000000114805820260330094200 a0010-03260005691 aMUSIM KASMARAN INTA LAHIR DARI KETERBIASAAN DAN PENERIMAAN /cPenulis.; Agung Pranyoto.; Desain cover herlambang Rahmadhani.; Tata letak Amry Rasyadany.; proofresader; Avinda Yuda Wati0 aAgung Pranyoto. acetakan pertama axx 119 halaman :bilustrasi ;c14 x 20 cmekertas aperpustakaan umum0 aDesain cover herlambang Rahmadhani.; Tata letak Amry Rasyadany.; proofresader; Avinda Yuda Wati aYogyakarta :bDeepublish Publisher,c2020 a811 a811 AG m a97862311393 4akumpulan puisi